000 00616nam a2200181Ia 4500
008 100920s9999 xx 000 0 und d
082 _b5664
_a891.43 0
100 _a---
245 _aएटम हमारे जीवन में.
260 _bराजपाल एण्ड सन्स ,कश्मीरी गेट, दिल्ली.
_c0
300 _a178
_bसाधी
365 _b3
520 _aहिंदी.
630 _aएटम हमारे जीवन में.
650 _aहिंदी.
730 _aएटम हमारे जीवन में.
942 _cBOOK
999 _c674523
_d674520